• AIU
  • Tony Wilmot Memorial Library

Structuring events : (Record no. 36882)

MARC details
000 -LEADER
fixed length control field 00746nam a22002411a 4500
001 - CONTROL NUMBER
control field 1405106689z1405106689
001 - CONTROL NUMBER
control field
005 - DATE AND TIME OF LATEST TRANSACTION
control field 20110718132334.0
008 - FIXED-LENGTH DATA ELEMENTS--GENERAL INFORMATION
fixed length control field 000307s2003 000 1 eng d
015 ## - NATIONAL BIBLIOGRAPHY NUMBER
National bibliography number bA3V1194
020 ## - INTERNATIONAL STANDARD BOOK NUMBER
International Standard Book Number 1405106689
021 00 -
-- 1405106689
-- m
021 10 -
-- 1405106689
-- v
-- pbk.
-- £24.99
040 ## - CATALOGING SOURCE
Original cataloging agency BDS
082 00 - DEWEY DECIMAL CLASSIFICATION NUMBER
Classification number 401.43
Item number R847
-- 21
100 1# - MAIN ENTRY--PERSONAL NAME
Personal name Rothstein,
-- Susan Deborah.
245 10 - TITLE STATEMENT
Title Structuring events :
Remainder of title : a study in the semantics of aspect /
Statement of responsibility, etc Susan Rothstein
Name of part/section/series (SE) [OBSOLETE] Susan Rothstein.
260 ## - PUBLICATION, DISTRIBUTION, ETC. (IMPRINT)
Place of publication, distribution, etc Oxford, UK :
Name of publisher, distributor, etc Blackwell,
Date of publication, distribution, etc 2003.
300 ## - PHYSICAL DESCRIPTION
Extent 232 p. ill. 25cm.
440 #0 - SERIES STATEMENT/ADDED ENTRY--TITLE
Title Explorations in semantics
504 ## - BIBLIOGRAPHY, ETC. NOTE
Bibliography, etc Bibliography Includes index.
650 00 - SUBJECT ADDED ENTRY--TOPICAL TERM
Topical term or geographic name as entry element Grammar, Comparative and general
General subdivision Aspect.
Holdings
Withdrawn status Lost status Source of classification or shelving scheme Damaged status Not for loan Collection code Home library Current library Shelving location Date acquired Cost, normal purchase price Total Checkouts Full call number Barcode Date last seen Price effective from Koha item type
    Library of Congress Classification     General Circulation AIU/NEGST - Tony Wilmot Memorial Library AIU/NEGST - Tony Wilmot Memorial Library General Stacks 12/10/2009 93.26   P 281.R675 2004 R09986A3232 09/02/2019 12/10/2009 Books